000 00715nam a2200241Ia 4500
003 OSt
005 20220927110305.0
006 a|||||r|||| 00| 0
007 ta
008 220926b |||||||| |||| 00| 0 eng d
024 _a65871
037 _cReference Collections
040 _aRTL
_cRTL
_beng
041 _2eng
_aeng
082 _a"X655.1.N9, (UN)"
111 _aUnited Nations Conference on Trade and Development
245 0 _aInternational investment instruments
_b A compendiu
260 _aNew
_bYork United Nations U. S. A.
490 _vV 11
650 _aForeign Investment
942 _h"X655.1.N9, (UN)"
_cCC
999 _c695521
_d695521